000 00994nam a2200277 4500
003 OSt
005 20260601171008.0
008 260504b2021\\\\mx\a||||\||||\00|\0\spa\d
020 _a9786075016269
040 _aICI
_bspa
_cICI
041 _aspa
050 _aNK1520
_bI55
100 1 _aIñiguez Flores, Roberto,
_eautor
_932662
245 1 _aEl diseño que viene = The design to come /
_cRoberto Iñiguez Flores, Claudia P. Kleemann Jaramillo y Alejandro Díaz Barragán
264 _aInstituto Tecnológico y de estudios Superiores de Monterrey
_bMonterrey, Nuevo León México
_c2021
300 _a121 páginas :
_bilustraciones
336 _atexto
_2rdacontent
337 _asin medio
_2rdamedia
338 _avolumen
_2rdacarrier
650 _2Diseño.
650 _aTeoría del diseño
650 _aArquitectura contemporánea.
_932664
700 _aKleemann Jaramillo, Claudia P.,
_eco autora
_932665
700 _aDíaz Barragán, Alejandro,
_eco autor
_932666
942 _2lcc
_cB
_n1
999 _c20384
_d20384